| 000 | 00462nam a2200181Ia 4500 | ||
|---|---|---|---|
| 001 | 1104 | ||
| 005 | 20260306140607.0 | ||
| 008 | 260306t2010||||xx |||||||||||||| ||spa|| | ||
| 041 | _aESP | ||
| 082 |
_a180.938 _bN45 |
||
| 100 |
_aNestle, Wilhelm _eAUT |
||
| 245 | 0 |
_aHistoria del espíritu griego: _bdesde Homero hasta finales del siglo V |
|
| 260 | _c2010 | ||
| 300 |
_a446 páginas : _c23 cm. |
||
| 650 | _aGEN | ||
| 654 | _aCHU | ||
| 942 |
_cLIB _dJUS _fJUS _2ddc _n |
||
| 999 |
_c1104 _d1104 |
||